000 00677nam a2200169 4500
999 _c3804
_d3804
008 160811b xxu||||| |||| 00| 0 eng d
022 _a01153153
082 _aDPer 150.5 P53 June-Dec 2013 V. 46 n. 1 & 2
100 _912661
_aVillafuerte, Salvacion L.
243 _aPhilippine journal of psychology
245 _aAng rosas ng rehab:
_ba Filipino gay child in conflict with the law housed in a youth center/
_cSalvacion L. Villafuerte.
260 _aQuezon City:
_bPsychological Association of the Philippines,
_c©2013.
300 _aV46 n2, pages 61-73;
_c24 cm.
500 _aPhilippine Journal of Psychology
650 0 _912662
_aGay men
942 _2ddc
_cPER